| 000 | 00504nam a22001937a 4500 | ||
|---|---|---|---|
| 003 | SISC | ||
| 005 | 20160303092823.0 | ||
| 008 | 130724t xxu||||| |||| 00| 0 eng d | ||
| 020 | _a0140350497 | ||
| 050 |
_aPZ 7 _b.V531 1985 |
||
| 082 |
_aCLA _bV59j 1965 |
||
| 100 |
_aJules Verne. _93460 |
||
| 245 |
_aJourney to the centre of the earth / _cJules Verne. |
||
| 260 |
_aEngland : _bPenguin Group, _cc1985. |
||
| 300 |
_a253 p. ; _c18 cm. |
||
| 650 |
_aFiction. _9746 |
||
| 942 |
_2lcc _cBK |
||
| 999 |
_c7587 _d7587 |
||